| 000 | 00395nam a2200169Ia 4500 | ||
|---|---|---|---|
| 008 | 230524s9999 xx 000 0 und d | ||
| 020 | _a9789351199403 | ||
| 082 | _bCDA | ||
| 100 | _aCDAC | ||
| 245 | 0 | _aCore and Advanced Java Black Book | |
| 250 | _a1 | ||
| 260 |
_aDelhi _bdreamtech _c2017 |
||
| 300 | _a"xxx,1182p;" | ||
| 500 | _aQuantity Number: 10 | ||
| 650 | _aComp.Sc | ||
| 942 | _cBK | ||
| 999 |
_c59133 _d59133 |
||